Statistics for Nopixel Gangs Based on The Abbreviation

Click here to take the quiz!

General Stats

  • This quiz has been taken 15 times
  • The average score is 17 of 35

Answer Stats

HintAnswer% Correct
CGChang Gang
100%
VGOSVagos
100%
BLASBallas
83%
CBClean Bois
83%
GGGulag Gang
83%
HYDHydra
83%
LSPDLos Santos Police Department
83%
MDMMandem
83%
ANGSAngels
75%
NBCNatural Born Crackheads
67%
LBLean Bois
58%
MYHMMayhem
58%
RSTRust
58%
STStreet Team
58%
HOAHogs of Anarchy
50%
SSSeaside
50%
BBMCBondi Boys MC
42%
LSTMCLost MC
42%
MBGMarabunta Grande
42%
RMRoyal Mafia
42%
SOSSave Our Souls
42%
AZTASAztecas
33%
BSKBrouge Street Kingz
33%
GSF/TFThe Families
33%
TGLDThe Guild
33%
VFTVenus Fly Traps
33%
JSTUJustUs
25%
MRTLEMortelle
25%
JPNYKZAJapanese Yakuza
17%
SYGSoy Gang
17%
TPHMTHVSThe Phantom Thieves
17%
TRYLSThe Royals
17%
TRSSNSThe Russians
17%
TSTBLThe Stable
17%
TFLNMCThe Fallen MC
8%

Score Distribution

Percentile by Number Answered

Percent of People with Each Score

Your Score History

You have not taken this quiz